Learning Resource and Development

Mansfield Park (Record no. 13516)

MARC details
000 -LEADER
fixed length control field 00877cam a22003133a 4500
001 - CONTROL NUMBER
control field 141
003 - CONTROL NUMBER IDENTIFIER
control field PGUSA
005 - DATE AND TIME OF LATEST TRANSACTION
control field 20230525152656.0
008 - FIXED-LENGTH DATA ELEMENTS--GENERAL INFORMATION
fixed length control field 940601s1994||||xxu|||||s|||||000 1 eng d
040 ## - CATALOGING SOURCE
Original cataloging agency PGUSA
Language of cataloging eng
042 ## - AUTHENTICATION CODE
Authentication code dc
050 #4 - LIBRARY OF CONGRESS CALL NUMBER
Classification number PR
100 1# - MAIN ENTRY--PERSONAL NAME
Personal name Austen, Jane,
Dates associated with a name 1775-1817
245 10 - TITLE STATEMENT
Title Mansfield Park
Medium [electronic resource] /
Statement of responsibility, etc. Jane Austen
260 ## - PUBLICATION, DISTRIBUTION, ETC.
Name of publisher, distributor, etc. Project Gutenberg,
Date of publication, distribution, etc. 1994
506 ## - RESTRICTIONS ON ACCESS NOTE
Terms governing access Public domain in the USA.
516 ## - TYPE OF COMPUTER FILE OR DATA NOTE
Type of computer file or data note Text
653 ## - INDEX TERM--UNCONTROLLED
Uncontrolled term Adoptees -- Fiction
653 ## - INDEX TERM--UNCONTROLLED
Uncontrolled term Cousins -- Fiction
653 ## - INDEX TERM--UNCONTROLLED
Uncontrolled term Children of the rich -- Fiction
653 ## - INDEX TERM--UNCONTROLLED
Uncontrolled term Uncles -- Fiction
653 ## - INDEX TERM--UNCONTROLLED
Uncontrolled term Domestic fiction
653 ## - INDEX TERM--UNCONTROLLED
Uncontrolled term Love stories
653 ## - INDEX TERM--UNCONTROLLED
Uncontrolled term Country homes -- Fiction
653 ## - INDEX TERM--UNCONTROLLED
Uncontrolled term England -- Fiction
653 ## - INDEX TERM--UNCONTROLLED
Uncontrolled term Young women -- Fiction
830 #0 - SERIES ADDED ENTRY--UNIFORM TITLE
Uniform title Project Gutenberg
Volume/sequential designation 141
856 40 - ELECTRONIC LOCATION AND ACCESS
Uniform Resource Identifier <a href="http://www.gutenberg.org/ebooks/141">http://www.gutenberg.org/ebooks/141</a>
Holdings
Withdrawn status Lost status Damaged status Not for loan Collection Home library Current library Date acquired Total Checkouts Full call number Date last seen Uniform Resource Identifier Price effective from Koha item type
        Project Gutenberg Main Library Main Library 05/25/2023   PR 05/25/2023 http://www.gutenberg.org/ebooks/141 05/25/2023 EBooks